Feminismos y solidaridad /
En este se aborda el concepto de solidaridad asociado con la epistemología feminista empirista, el punto de vista feminista y el feminismo post moderno. En el primer caso, la solidaridad entre mujeres no es necesaria si hay una situación de igualdad y justicia. En el segundo modelo, la solidaridad e...
Gardado en:
| Autor Principal: | |
|---|---|
| Formato: | Texto |
| Materias: | |
| Etiquetas: |
Engadir etiqueta
Sen Etiquetas, Sexa o primeiro en etiquetar este rexistro!
|
MARC
| LEADER | 00000 a a2200000 04500 | ||
|---|---|---|---|
| 001 | 42669 | ||
| 003 | |||
| 040 | |||
| 100 | |a Rodríguez Martínez, Pilar | ||
| 245 | |a Feminismos y solidaridad / |c Pilar Rodríguez Martínez | ||
| 500 | |a pilarr@ual.es | ||
| 520 | |a En este se aborda el concepto de solidaridad asociado con la epistemología feminista empirista, el punto de vista feminista y el feminismo post moderno. En el primer caso, la solidaridad entre mujeres no es necesaria si hay una situación de igualdad y justicia. En el segundo modelo, la solidaridad entre mujeres se da por supuesta. En el tercero, la solidaridad o existe de antemano y solo son posibles solidaridades pasajeras. Finalmente se plantea la solidaridad desde la perspectiva de los feminismos periféricos. | ||
| 590 | |a SJB/AGOSTO2012 | ||
| 650 | |a 1.FEMINISMO | ||
| 650 | |a 2.SOLIDARIDAD | ||
| 650 | |a 3.EPISTEMOLOGIA | ||
| 650 | |a 4.MUJERES | ||
| 650 | |a 5.IGUALDAD DE GENERO | ||
| 650 | |a 6.RELACIONES DE PODER | ||
| 650 | |a 7.CONFLICTOS SOCIALES | ||
| 773 | |g volumen72, número3 ( , 2010), páginas 445-466 | ||
| 999 | |c 27544 |d 27544 | ||
